[Event "42nd Olympiad 2016"]
[Site "Baku AZE"]
[Date "2016.09.09"]
[Round "7.59"]
[Board "4"]
[White "Moinzai, Khushal"]
[Black "Michel Yunis, Christian D."]
[Result "0-1"]
[BlackTitle "IM"]
[WhiteElo "1624"]
[BlackElo "2234"]
[WhiteTeam "Afghanistan"]
[BlackTeam "Palestine"]
[WhiteFideId "11701200"]
[BlackFideId "3400085"]
[EventDate "2016.09.02"]

1. c4 c6 2. d4 d5 3. e3 Nf6 4. Nf3 Bf5 5. Nc3 e6 6. h3 h6 7. Be2 Nbd7 8. a3 a6
9. c5 Be7 10. Bd3 Bxd3 11. Qxd3 O-O 12. Bd2 e5 13. Nh2 Nh7 14. O-O e4 15. Qc2 f5
16. Rab1 Ng5 17. b4 Ne6 18. f3 exf3 19. Rxf3 g6 20. Rbf1 Ng5 21. R3f2 Nf6 22.
Rb1 Nfe4 23. Rff1 Qc7 24. Ne2 Ng3 25. Nf4 Nxf1 26. Rxf1 Rf6 27. Nf3 Nxf3+ 28.
Rxf3 Bf8 29. Be1 Re8 30. Bh4 g5 31. Nh5 Rf7 32. Bg3 Qd7 33. Bf2 Bg7 34. Ng3 Ref8
35. Ne2 Qe6 36. Nc3 h5 37. h4 f4 38. e4 g4 39. exd5 cxd5 40. Rd3 g3 41. Bxg3
fxg3 42. Rxg3 Qe1+ 43. Kh2 Rf1 44. Rxg7+ Kxg7 0-1

[Event "42nd Olympiad 2016"]
[Site "Baku AZE"]
[Date "2016.09.09"]
[Round "7.60"]
[Board "1"]
[White "Anquandah, Francis Eric"]
[Black "Blijstra, Wim"]
[Result "0-1"]
[WhiteTitle "IM"]
[BlackTitle "FM"]
[WhiteElo "1951"]
[BlackElo "2216"]
[WhiteTeam "Ghana"]
[BlackTeam "Netherlands Antilles"]
[WhiteFideId "12600148"]
[BlackFideId "1018000"]
[EventDate "2016.09.02"]

1. e4 c5 2. Nf3 d6 3. d4 cxd4 4. Bb5+ Nd7 5. Nxd4 Nf6 6. Nc3 a6 7. Be2 b5 8. Be3
Bb7 9. f3 e6 10. a3 Be7 11. Qd2 O-O 12. g4 Ne5 13. b3 Rc8 14. g5 Nfd7 15. O-O
Nc6 16. Nxc6 Bxc6 17. Bd3 Qc7 18. Ne2 d5 19. exd5 Bxd5 20. Nf4 Bb7 21. Nh5 Ne5
22. Be4 Bxe4 23. fxe4 Qxc2 24. Qd4 Qc5 25. Qd2 Qc3 26. Rac1 Qxd2 27. Bxd2 Bxa3
28. Ra1 Bc5+ 29. Kg2 Rc6 30. Rfc1 Rfc8 31. Bf4 Nd3 32. Rd1 Nxf4+ 33. Nxf4 Be3
34. Kf3 Bc5 35. Nd3 Bd4 36. Ra2 Bc3 37. b4 Kf8 38. Nc5 Bxb4 39. Nxa6 Bd6 40. e5
Rc3+ 41. Ke4 R8c4+ 42. Rd4 Rxd4+ 43. Kxd4 Rc4+ 44. Kd3 Bxe5 45. Ra5 Rg4 46. Nc5
Rd4+ 47. Ke3 Rd5 48. Ra8+ Ke7 49. Ra7+ Ke8 50. Nb3 Bxh2 51. Ke4 Bg1 52. Rb7 Rxg5
53. Na5 Rc5 54. Rb8+ Ke7 55. Nb3 Rd5 56. Na5 h5 57. Nc6+ Kf6 58. Rf8 g5 59. Nd8
Rd4+ 60. Kf3 Rd7 61. Rh8 Bb6 62. Nc6 Rd3+ 63. Kg2 Rc3 64. Nb8 Bc7 65. Nd7+ Kg6
66. Rg8+ Kf5 67. Rg7 Rc2+ 68. Kf1 f6 69. Nf8 b4 70. Re7 b3 71. Nxe6 Be5 0-1

[Event "42nd Olympiad 2016"]
[Site "Baku AZE"]
[Date "2016.09.09"]
[Round "7.60"]
[Board "3"]
[White "Jamena, Joseph Mensah"]
[Black "Izijk, Jimmy"]
[Result "0-1"]
[WhiteTitle "CM"]
[BlackTitle "CM"]
[WhiteElo "1992"]
[BlackElo "1991"]
[WhiteTeam "Ghana"]
[BlackTeam "Netherlands Antilles"]
[WhiteFideId "12600407"]
[BlackFideId "7500041"]
[EventDate "2016.09.02"]

1. e4 c5 2. Nf3 d6 3. d4 cxd4 4. Nxd4 Nf6 5. Nc3 a6 6. Bg5 e6 7. Qd2 Be7 8.
O-O-O b5 9. f3 Qc7 10. h4 Nbd7 11. h5 h6 12. Be3 Bb7 13. Qf2 d5 14. exd5 Nxd5
15. Nxd5 Bxd5 16. Kb1 b4 17. b3 Bf6 18. Bc1 O-O 19. Bb2 Qc5 20. Qd2 a5 21. Rh3
a4 22. Rg3 axb3 23. axb3 Kh8 24. Be2 Ra5 25. f4 Rfa8 26. Qe3 Qa7 27. Kc1 Ra2 28.
Bb5 Nc5 29. Ba4 Nxa4 30. bxa4 Qxa4 31. Qd3 Rc8 32. Re3 Bxd4 33. Bxd4 Raxc2+ 0-1

[Event "42nd Olympiad 2016"]
[Site "Baku AZE"]
[Date "2016.09.09"]
[Round "7.60"]
[Board "4"]
[White "Martis, Valentino"]
[Black "Ameku, Philip Elikem"]
[Result "0-1"]
[WhiteElo "1917"]
[BlackElo "1914"]
[WhiteTeam "Netherlands Antilles"]
[BlackTeam "Ghana"]
[WhiteFideId "7500254"]
[BlackFideId "12600326"]
[EventDate "2016.09.02"]

1. d4 Nf6 2. c4 g6 3. Nc3 d5 4. e3 Bg7 5. Nf3 O-O 6. Bd3 c6 7. cxd5 cxd5 8. O-O
Bg4 9. Bd2 Nc6 10. Be2 Rc8 11. a3 Ne4 12. Ne1 Bf5 13. f3 Nf6 14. g4 Be6 15. b4
Ne8 16. Rc1 f5 17. Nd3 Bf7 18. gxf5 gxf5 19. Kh1 Nd6 20. Nf2 e6 21. Rg1 Kh8 22.
Rg2 Rg8 23. Qg1 Qh4 24. Be1 Qh6 25. f4 Bf6 26. Na4 Rxg2 27. Qxg2 Rg8 28. Qf3 Qg7
29. Bc3 Bh5 30. Qh3 Bxe2 31. Nc5 Nd8 32. Re1 Bh4 33. Ncd3 0-1

[Event "42nd Olympiad 2016"]
[Site "Baku AZE"]
[Date "2016.09.09"]
[Round "7.61"]
[Board "1"]
[White "Nadir, Samir"]
[Black "Davy, Damion"]
[Result "1/2-1/2"]
[WhiteTitle "CM"]
[BlackTitle "FM"]
[WhiteElo "2199"]
[BlackElo "2117"]
[WhiteTeam "Sudan"]
[BlackTeam "Jamaica"]
[WhiteFideId "12200085"]
[BlackFideId "7400519"]
[EventDate "2016.09.02"]

1. d4 Nf6 2. Bf4 d5 3. e3 c5 4. Nc3 Bf5 5. Nb5 Na6 6. c3 cxd4 7. exd4 g6 8. Qa4
Bd7 9. Qxa6 bxa6 10. Nc7+ Qxc7 11. Bxc7 Bb5 12. Ne2 Bh6 13. Be5 O-O 14. Bxf6
exf6 15. Nc1 Rfe8+ 16. Kd1 Bxc1 17. Rxc1 Re6 18. Kd2 Rae8 19. Rc2 Bxf1 20. Rxf1
Re2+ 21. Kd3 Rxc2 22. Kxc2 Re2+ 23. Kb3 Kf8 24. Rc1 Rxf2 25. Rc2 Rxc2 26. Kxc2
f5 27. b3 g5 28. c4 Ke7 29. c5 Kd7 30. b4 h5 31. g3 f6 32. Kd2 Kc6 33. Ke2 a5
34. a3 1/2-1/2

[Event "42nd Olympiad 2016"]
[Site "Baku AZE"]
[Date "2016.09.09"]
[Round "7.61"]
[Board "2"]
[White "Lorne, Malaku"]
[Black "Tagelsir, Abubaker"]
[Result "0-1"]
[WhiteTitle "FM"]
[BlackTitle "FM"]
[WhiteElo "2161"]
[BlackElo "2216"]
[WhiteTeam "Jamaica"]
[BlackTeam "Sudan"]
[WhiteFideId "7400330"]
[BlackFideId "12200875"]
[EventDate "2016.09.02"]

1. d4 d5 2. c4 c6 3. Nf3 Nf6 4. e3 Bf5 5. Nc3 e6 6. Be2 Nbd7 7. O-O h6 8. b3 Bd6
9. Bb2 O-O 10. Nd2 Rc8 11. Bf3 Re8 12. e4 dxe4 13. Be2 Qc7 14. h3 Bf4 15. Re1 e3
16. Nf1 Bh2+ 17. Nxh2 exf2+ 18. Kxf2 Qxh2 19. Bf3 Nf8 20. Rh1 Qc7 21. Re1 Ng6
22. Bc1 Rcd8 23. Be3 Nh4 24. Rg1 e5 25. d5 e4 26. Be2 Bxh3 27. Rh1 Nxg2 28. Rxh3
Nxe3 29. Kxe3 cxd5 30. Kf2 dxc4 31. Qc1 cxb3 32. axb3 e3+ 33. Rxe3 Rxe3 34. Qxe3
Qxc3 35. Qxc3 Ne4+ 36. Ke3 Nxc3 37. Bc4 b5 38. Bf1 Rd7 39. Ra5 g6 0-1

[Event "42nd Olympiad 2016"]
[Site "Baku AZE"]
[Date "2016.09.09"]
[Round "7.61"]
[Board "3"]
[White "Elobeid, Asim Ali"]
[Black "Smith, Shreyas"]
[Result "0-1"]
[WhiteTitle "CM"]
[WhiteElo "2109"]
[BlackElo "2146"]
[WhiteTeam "Sudan"]
[BlackTeam "Jamaica"]
[WhiteFideId "12200190"]
[BlackFideId "7400713"]
[EventDate "2016.09.02"]

1. c4 c5 2. g3 Nf6 3. Bg2 d5 4. cxd5 Nxd5 5. Nc3 Nc7 6. Nf3 Nc6 7. O-O e5 8. d3
Be7 9. Be3 O-O 10. Rc1 Be6 11. a3 b6 12. b4 cxb4 13. axb4 Bxb4 14. Ng5 Bd7 15.
Nd5 Nxd5 16. Bxd5 Rc8 17. Qb3 Qe7 18. Rc4 Bc5 19. Rh4 Bxe3 20. Nxf7 Rxf7 21.
fxe3 Nd8 22. d4 Be6 23. Rxf7 Qxf7 24. Bxe6 Nxe6 25. d5 Rc1+ 0-1

[Event "42nd Olympiad 2016"]
[Site "Baku AZE"]
[Date "2016.09.09"]
[Round "7.61"]
[Board "4"]
[White "Wilson, Brandon"]
[Black "Hassan, Abubaker Abdalmalik Ali"]
[Result "1/2-1/2"]
[WhiteTitle "CM"]
[WhiteElo "2074"]
[BlackElo "2167"]
[WhiteTeam "Jamaica"]
[BlackTeam "Sudan"]
[WhiteFideId "7400500"]
[BlackFideId "12201685"]
[EventDate "2016.09.02"]

1. e4 e5 2. Nf3 Nc6 3. Bb5 a6 4. Ba4 Nf6 5. d3 b5 6. Bb3 Be7 7. c3 O-O 8. O-O d5
9. Qe2 dxe4 10. dxe4 Qe8 11. Re1 Bg4 12. Nbd2 Bc5 13. Nf1 Nh5 14. h3 Be6 15. Ng5
g6 16. Nxe6 fxe6 17. Be3 Nf4 18. Qg4 h5 19. Qg3 Bxe3 20. Rxe3 Qe7 21. Nd2 Rad8
22. Nf3 Kg7 23. Qg5 Qxg5 24. Nxg5 Rd2 25. g3 Kh6 26. gxf4 exf4 27. Nxe6 fxe3 28.
Nxf8 Ne5 29. fxe3 Nf3+ 30. Kf1 Nh2+ 31. Ke1 Nf3+ 32. Kf1 1/2-1/2

[Event "42nd Olympiad 2016"]
[Site "Baku AZE"]
[Date "2016.09.09"]
[Round "7.62"]
[Board "1"]
[White "Harper, Ryan"]
[Black "Wong, Brian"]
[Result "1-0"]
[WhiteTitle "FM"]
[BlackTitle "FM"]
[WhiteElo "2215"]
[BlackElo "2007"]
[WhiteTeam "Trinidad & Tobago"]
[BlackTeam "Hong Kong"]
[WhiteFideId "7700156"]
[BlackFideId "6001394"]
[EventDate "2016.09.02"]

1. e4 b6 2. d4 Bb7 3. Bd3 e6 4. Nf3 c5 5. c3 Nf6 6. Qe2 d5 7. e5 Ne4 8. O-O Be7
9. Nbd2 Nxd2 10. Bxd2 Nc6 11. Rfd1 c4 12. Bc2 b5 13. b3 a5 14. bxc4 bxc4 15. a4
Nb8 16. Qe3 Nd7 17. Qf4 Nf8 18. Qg4 Ng6 19. Bg5 Bc6 20. h4 h5 21. Qg3 Bxg5 22.
Nxg5 Nf8 23. Rdb1 f5 24. exf6 gxf6 25. Nxe6 Nxe6 26. Re1 Qe7 27. Bf5 Bd7 28.
Rab1 Kf8 29. Bxe6 Bxe6 30. Rb6 Kf7 31. Rbxe6 Qd8 32. Rd6 Re8 33. Rxe8 Qxe8 34.
Qf3 Qe1+ 35. Kh2 Qe7 36. Qxd5+ Kg6 37. Qg5+ Kf7 38. Qxh5+ Kf8 39. Qh8+ Kf7 40.
Qh7+ Kf8 41. Qxe7+ Kxe7 42. Rc6 1-0

[Event "42nd Olympiad 2016"]
[Site "Baku AZE"]
[Date "2016.09.09"]
[Round "7.62"]
[Board "2"]
[White "Lam, Daniel King-wai"]
[Black "Winter Atwell, Adrian"]
[Result "1-0"]
[BlackTitle "FM"]
[WhiteElo "2169"]
[BlackElo "2158"]
[WhiteTeam "Hong Kong"]
[BlackTeam "Trinidad & Tobago"]
[WhiteFideId "6001238"]
[BlackFideId "7700750"]
[EventDate "2016.09.02"]

1. e4 e5 2. Nf3 Nc6 3. Bb5 Bc5 4. O-O Nd4 5. b4 Nxf3+ 6. Qxf3 Bxb4 7. Qg3 Nf6 8.
d4 O-O 9. Bh6 Nh5 10. Qxe5 gxh6 11. Qxh5 Qg5 12. Qe2 c6 13. Bd3 d5 14. f4 Qg7
15. e5 Bg4 16. Qe3 f5 17. Kh1 Kh8 18. Rg1 c5 19. c3 cxd4 20. cxd4 Qe7 21. Nd2
Rac8 22. Rac1 Ba3 23. Rxc8 Rxc8 24. h3 Bc1 25. Qf2 Bxd2 26. Qxd2 Qh4 27. Kh2 Rg8
28. Qe1 Qxe1 29. Rxe1 Bh5 30. Bxf5 Rf8 31. g4 Be8 32. Rc1 Bc6 33. Kg3 h5 34. Be6
Re8 35. Bf7 h4+ 36. Kxh4 Rf8 37. e6 Kg7 38. g5 a5 39. f5 Ra8 40. f6+ Kf8 41. Bh5
Be8 42. Rc7 1-0

[Event "42nd Olympiad 2016"]
[Site "Baku AZE"]
[Date "2016.09.09"]
[Round "7.62"]
[Board "3"]
[White "Johnson, Joshua"]
[Black "Pang, Yui Kuen"]
[Result "1-0"]
[WhiteTitle "FM"]
[WhiteElo "2119"]
[BlackElo "1963"]
[WhiteTeam "Trinidad & Tobago"]
[BlackTeam "Hong Kong"]
[WhiteFideId "7700768"]
[BlackFideId "6001890"]
[EventDate "2016.09.02"]

1. e4 d6 2. d4 Nf6 3. Nc3 c6 4. f4 Qa5 5. e5 Ne4 6. Qf3 d5 7. Bd3 Nxc3 8. Bd2 e6
9. bxc3 c5 10. c4 Qc7 11. cxd5 exd5 12. Qxd5 Be6 13. Qe4 cxd4 14. Nf3 Bc5 15. f5
Bd7 16. e6 fxe6 17. fxe6 Bc6 18. Qf5 Bxf3 19. gxf3 g6 20. Bb5+ Kd8 21. Qf6+ 1-0

[Event "42nd Olympiad 2016"]
[Site "Baku AZE"]
[Date "2016.09.09"]
[Round "7.62"]
[Board "4"]
[White "Borigas, Edgardo"]
[Black "Merritt, Mario"]
[Result "0-1"]
[BlackTitle "FM"]
[WhiteElo "1894"]
[BlackElo "2154"]
[WhiteTeam "Hong Kong"]
[BlackTeam "Trinidad & Tobago"]
[WhiteFideId "6000398"]
[BlackFideId "7700148"]
[EventDate "2016.09.02"]

1. d4 Nf6 2. Bf4 c5 3. e3 g6 4. c3 Bg7 5. Nf3 b6 6. Bd3 Bb7 7. Nbd2 O-O 8. h3 d6
9. O-O Nbd7 10. Qe2 Qc7 11. Bh2 Rfe8 12. Rfe1 e5 13. dxe5 dxe5 14. e4 Nh5 15.
Bc4 Bh6 16. Rad1 Ndf6 17. Qf1 Rad8 18. g4 Bxd2 19. Nxd2 Nf4 20. f3 Re7 21. Nb3
Kg7 22. Bxf4 exf4 23. Qe2 g5 24. a4 Nd7 25. Bd5 Ne5 26. c4 Bc6 27. Ra1 a5 28.
Kg2 Qd6 29. Red1 Qh6 30. Bxc6 Rxd1 31. Rxd1 Qxc6 32. Ra1 Rd7 33. Nd2 Qd6 34. Rd1
Qd4 35. b3 Qb2 36. Kf1 Rd3 37. Kf2 Qc2 38. h4 Re3 39. Ke1 Nxf3+ 0-1

[Event "42nd Olympiad 2016"]
[Site "Baku AZE"]
[Date "2016.09.09"]
[Round "7.63"]
[Board "1"]
[White "Rehan, Deng Cypriano"]
[Black "Santos da Costa, Jose Manuel"]
[Result "1-0"]
[BlackTitle "CM"]
[WhiteElo "1899"]
[BlackElo "1960"]
[WhiteTeam "South Sudan"]
[BlackTeam "Sao Tome & Principe"]
[WhiteFideId "32500084"]
[BlackFideId "11000791"]
[EventDate "2016.09.02"]

1. d4 d5 2. c4 e6 3. Nf3 Nf6 4. Bg5 Nbd7 5. cxd5 exd5 6. Nc3 c6 7. e3 Qa5 8. Nd2
Bb4 9. Qc2 O-O 10. Bd3 Re8 11. O-O Ne4 12. Nb3 Qb6 13. Nxe4 dxe4 14. Bxe4 h6 15.
Bf4 Nf6 16. Bf3 Nd5 17. Bg3 Bf8 18. a3 a5 19. Nd2 Be6 20. Nc4 Qd8 21. Rfd1 f5
22. Bh5 a4 23. Bxe8 Qxe8 24. e4 fxe4 25. Qxe4 Nf6 26. Qe2 Qf7 27. Ne5 Qe8 28. h3
Bd5 29. Re1 h5 30. Qd3 b5 31. Bh4 Nh7 32. Ng6 Qf7 33. Ne7+ Kh8 34. Nxd5 Qxd5 35.
Re5 Qf7 36. Qe2 g6 37. Rc1 Bd6 38. Rxc6 Bxe5 39. Qxe5+ Qg7 40. Rxg6 Qxe5 41.
dxe5 Rb8 42. Ra6 Nf8 43. f4 Nd7 44. e6 Nc5 45. Rc6 Nd3 46. e7 Kg7 47. Rd6 1-0

[Event "42nd Olympiad 2016"]
[Site "Baku AZE"]
[Date "2016.09.09"]
[Round "7.64"]
[Board "1"]
[White "Manan, Yoboue Hermann"]
[Black "Yahi, Mohamed Salem"]
[Result "1-0"]
[BlackTitle "CM"]
[WhiteElo "2115"]
[BlackElo "1852"]
[WhiteTeam "Ivory Coast"]
[BlackTeam "Mauritania"]
[WhiteFideId "20800061"]
[BlackFideId "19600160"]
[EventDate "2016.09.02"]

1. e4 d6 2. d4 Nf6 3. Nc3 g6 4. Bc4 c6 5. Bb3 Bg7 6. Qe2 O-O 7. Nf3 b5 8. e5
dxe5 9. dxe5 Ng4 10. h3 Nh6 11. Bg5 b4 12. Rd1 Qc7 13. Ne4 Ba6 14. Qd2 Nf5 15.
g4 Bxe5 16. gxf5 Bxb2 17. c3 gxf5 18. Bh6 Kh8 19. Bxf8 fxe4 20. Qxb2 Nd7 21.
cxb4+ Nf6 22. Qe5 1-0

[Event "42nd Olympiad 2016"]
[Site "Baku AZE"]
[Date "2016.09.09"]
[Round "7.64"]
[Board "2"]
[White "Sabar, Ethmane Daouda"]
[Black "Mambe, Lobognon Anderson Olivier"]
[Result "1-0"]
[WhiteTitle "CM"]
[BlackTitle "CM"]
[WhiteElo "2063"]
[BlackElo "1880"]
[WhiteTeam "Mauritania"]
[BlackTeam "Ivory Coast"]
[WhiteFideId "19600097"]
[BlackFideId "20800070"]
[EventDate "2016.09.02"]

1. e4 e6 2. d3 d5 3. Nd2 Nf6 4. g3 Be7 5. Bg2 O-O 6. Ngf3 c6 7. O-O Nbd7 8. Re1
Re8 9. e5 Ng4 10. Nf1 Qb6 11. d4 c5 12. h3 Nh6 13. Bxh6 gxh6 14. Re3 cxd4 15.
Rb3 Qc5 16. Qd2 Bf8 17. N1h2 Qc7 18. Ng4 h5 19. Qg5+ Kh8 20. Qxh5 Bg7 21. Ng5
Nf8 22. Nxf7+ Kg8 23. Ngh6+ Bxh6 24. Nxh6+ Kg7 25. Qxe8 Ng6 26. Ng4 Qxc2 27. Bf1
Qc7 28. Re1 Rb8 29. Rf3 Qd7 30. Nf6 Qc7 31. Qg8+ Kh6 32. g4 b6 33. h4 Nxh4 34.
g5# 1-0

[Event "42nd Olympiad 2016"]
[Site "Baku AZE"]
[Date "2016.09.09"]
[Round "7.64"]
[Board "3"]
[White "Ble, Kouko Hubert"]
[Black "Hemam, Moulaye Brahim"]
[Result "1-0"]
[BlackTitle "CM"]
[WhiteElo "1918"]
[BlackElo "2032"]
[WhiteTeam "Ivory Coast"]
[BlackTeam "Mauritania"]
[WhiteFideId "20800088"]
[BlackFideId "19600054"]
[EventDate "2016.09.02"]

1. e4 c5 2. Nf3 Nc6 3. d4 cxd4 4. Nxd4 Nf6 5. Nc3 e5 6. Nf3 Bb4 7. Bc4 O-O 8.
O-O Bxc3 9. bxc3 Nxe4 10. Re1 Nxc3 11. Qd3 d5 12. Bb3 d4 13. Nxe5 Nxe5 14. Rxe5
Qf6 15. Qg3 Ne2+ 16. Rxe2 d3 17. Re5 Bf5 18. Bg5 Qg6 19. cxd3 Bxd3 20. Rae1 b5
21. Be7 Qxg3 22. hxg3 Rfe8 23. a3 Rac8 24. Bb4 Red8 25. Re7 Bc4 26. Bd1 a6 27.
Bf3 h6 28. Bb7 Rb8 29. Bf3 Rdc8 30. Ra7 Rb6 31. Ree7 Rf6 32. Bb7 Rd8 33. Rxa6
Rd1+ 34. Re1 Rxe1+ 35. Bxe1 Rf5 36. Ra8+ Kh7 37. Be4 1-0

[Event "42nd Olympiad 2016"]
[Site "Baku AZE"]
[Date "2016.09.09"]
[Round "7.65"]
[Board "1"]
[White "Ayyad, Husain"]
[Black "Mohamed, Hassan MDV"]
[Result "1-0"]
[WhiteTitle "FM"]
[BlackTitle "CM"]
[WhiteElo "2176"]
[BlackElo "1855"]
[WhiteTeam "Bahrain"]
[BlackTeam "Maldives"]
[WhiteFideId "11200243"]
[BlackFideId "16700058"]
[EventDate "2016.09.02"]

1. e4 c6 2. d4 d5 3. exd5 cxd5 4. Bd3 Nf6 5. h3 Nc6 6. Nf3 a6 7. c3 Qc7 8. O-O
g6 9. Re1 Bg7 10. Bg5 O-O 11. Qc1 Be6 12. Bf4 Qb6 13. Nbd2 Rac8 14. Qb1 Rfe8 15.
Nb3 Ne4 16. Bxe4 dxe4 17. Qxe4 Bxb3 18. axb3 Qxb3 19. d5 Nb8 20. Ne5 Rcd8 21.
Rad1 Nd7 22. Ng4 Nc5 23. Qf3 Qxb2 24. Nh6+ Bxh6 25. Bxh6 Rd6 26. Qe3 b6 27. Qe5
f6 28. Qxd6 exd6 29. Rxe8+ Kf7 30. Rf8+ Ke7 31. Re1+ Kd7 32. Rf7+ Kd8 33. Rxf6
Ne4 34. Rf4 b5 35. Rfxe4 Kc7 36. Be3 a5 37. Re7+ Kb8 38. Bd4 b4 39. Rf7 1-0

[Event "42nd Olympiad 2016"]
[Site "Baku AZE"]
[Date "2016.09.09"]
[Round "7.65"]
[Board "2"]
[White "Ahmed, Ashraf"]
[Black "Ayyad, Maher"]
[Result "1-0"]
[WhiteTitle "FM"]
[BlackTitle "FM"]
[WhiteElo "1880"]
[BlackElo "2076"]
[WhiteTeam "Maldives"]
[BlackTeam "Bahrain"]
[WhiteFideId "16700031"]
[BlackFideId "11200235"]
[EventDate "2016.09.02"]

1. e4 c5 2. Nf3 e6 3. Nc3 a6 4. d4 cxd4 5. Nxd4 Qc7 6. Be2 Nf6 7. a3 Nc6 8. Bg5
Be7 9. Qd2 b5 10. f4 d5 11. Nxc6 Qxc6 12. exd5 exd5 13. O-O-O Bb7 14. Bf3 Ne4
15. Bxe4 dxe4 16. Bxe7 Kxe7 17. Nxe4 Rhd8 18. Qb4+ Ke6 19. f5+ Ke5 20. Qe7+ 1-0

[Event "42nd Olympiad 2016"]
[Site "Baku AZE"]
[Date "2016.09.09"]
[Round "7.65"]
[Board "3"]
[White "Darwish, Hashim"]
[Black "Abdul, Rahman Ali"]
[Result "0-1"]
[BlackTitle "CM"]
[WhiteElo "1766"]
[BlackElo "1853"]
[WhiteTeam "Bahrain"]
[BlackTeam "Maldives"]
[WhiteFideId "11201258"]
[BlackFideId "16700066"]
[EventDate "2016.09.02"]

1. e4 e6 2. Nf3 d5 3. exd5 exd5 4. d4 Nf6 5. h3 Bd6 6. Bd3 O-O 7. O-O Re8 8. Re1
Be6 9. Bg5 Nbd7 10. Ne5 c6 11. c4 Qa5 12. Bd2 Qc7 13. Nxd7 Nxd7 14. c5 Bf4 15.
Qh5 Nf6 16. Qf3 Bxd2 17. Nxd2 b6 18. b4 a5 19. a3 Ra7 20. g4 h6 21. Nf1 Rea8 22.
Rab1 axb4 23. axb4 Ra3 24. Re3 Ra2 25. Ng3 b5 26. Nf5 Ne4 27. Bxe4 dxe4 28. Qxe4
Rxf2 29. Qe5 Qxe5 30. dxe5 Raa2 31. Rg3 g6 32. Rd1 Kh7 33. Nd4 Bd5 34. Nxb5 Rh2
35. Rxd5 cxd5 36. c6 Rhc2 37. Rf3 Ra1+ 38. Rf1 Rxf1+ 39. Kxf1 Rxc6 40. Nd6 f6
41. b5 Rb6 42. Nc8 Rb8 43. Ne7 fxe5 44. Nxd5 Rxb5 45. Ne3 Kg7 46. Kf2 Kf6 47. h4
e4 48. Nc4 Rb3 49. Nd2 e3+ 0-1

[Event "42nd Olympiad 2016"]
[Site "Baku AZE"]
[Date "2016.09.09"]
[Round "7.65"]
[Board "4"]
[White "Muhammed, Shuaau"]
[Black "Shaker, Musab"]
[Result "1-0"]
[WhiteElo "1692"]
[BlackElo "1726"]
[WhiteTeam "Maldives"]
[BlackTeam "Bahrain"]
[WhiteFideId "16700406"]
[BlackFideId "11201789"]
[EventDate "2016.09.02"]

1. e4 e5 2. Nf3 Nf6 3. Nxe5 d6 4. Nf3 Nxe4 5. Nc3 Nxc3 6. dxc3 Be7 7. Be3 O-O 8.
Qd2 c5 9. O-O-O Be6 10. Bg5 f6 11. Bf4 d5 12. h3 Nc6 13. g4 Qa5 14. a3 a6 15. g5
f5 16. Re1 Bf7 17. Ne5 Nxe5 18. Bxe5 Rfe8 19. h4 b5 20. h5 Rad8 21. g6 hxg6 22.
hxg6 Bxg6 23. Bg2 d4 24. Kb1 dxc3 25. Rh8+ Kf7 26. Qd5+ 1-0

[Event "42nd Olympiad 2016"]
[Site "Baku AZE"]
[Date "2016.09.09"]
[Round "7.66"]
[Board "1"]
[White "Kawuma, Patrick"]
[Black "Aderito, Pedro"]
[Result "1/2-1/2"]
[WhiteTitle "FM"]
[BlackTitle "IM"]
[WhiteElo "2261"]
[BlackElo "2315"]
[WhiteTeam "Uganda"]
[BlackTeam "Angola"]
[WhiteFideId "10000127"]
[BlackFideId "10100130"]
[EventDate "2016.09.02"]

1. c4 b6 2. Nc3 c5 3. g3 Bb7 4. e4 g6 5. Bg2 Bg7 6. Nge2 Nc6 7. O-O e6 8. d3
Nge7 9. Be3 O-O 10. d4 cxd4 11. Nxd4 Na5 12. b3 d5 13. cxd5 exd5 14. Rc1 dxe4
15. Nxe4 Nd5 16. Bg5 Qd7 17. Ne2 Qe6 18. Re1 h6 19. Nf4 Nxf4 20. Bxf4 Rad8 21.
Nd6 Qf6 22. Be5 Qxe5 23. Rxe5 Bxe5 24. Bxb7 Rxd6 25. Qe2 Nxb7 26. Qxe5 Rd2 27.
b4 Nd6 28. Rc7 Re8 29. Qf4 Re1+ 30. Kg2 Rd5 31. Rd7 g5 32. Qf6 Re6 33. Qf3 Rf5
34. Qd3 Rff6 35. h3 Ne4 36. f3 Nd6 37. g4 b5 38. a4 Nc4 39. Rxa7 Kg7 40. Ra8 Rd6
41. Qc3 Nb6 42. Re8 bxa4 43. b5 Nd5 44. Qc8 Nf4+ 45. Kg3 Rfe6 46. Qc3+ Rf6 47.
Qc8 Rfe6 48. Rxe6 Rxe6 49. Kf2 Re2+ 50. Kf1 Re3 51. b6 a3 52. Qc2 Rxf3+ 53. Ke1
Re3+ 54. Kd1 Re6 55. Qc3+ Kg6 56. Qc2+ Kg7 57. Qc3+ Kg6 58. Qc2+ Kg7 1/2-1/2

[Event "42nd Olympiad 2016"]
[Site "Baku AZE"]
[Date "2016.09.09"]
[Round "7.66"]
[Board "2"]
[White "Silva, David"]
[Black "Wanyama, Harold"]
[Result "0-1"]
[WhiteTitle "IM"]
[BlackTitle "FM"]
[WhiteElo "2276"]
[BlackElo "2251"]
[WhiteTeam "Angola"]
[BlackTeam "Uganda"]
[WhiteFideId "10101314"]
[BlackFideId "10000380"]
[EventDate "2016.09.02"]

1. e4 c5 2. Nf3 e6 3. d4 cxd4 4. Nxd4 a6 5. c4 Nf6 6. Bd3 Nc6 7. Nxc6 bxc6 8.
O-O e5 9. Nc3 Be7 10. b3 O-O 11. Bb2 d6 12. Rc1 Be6 13. Qf3 Nd7 14. Bb1 Qb8 15.
Ba3 a5 16. Nd5 Bd8 17. Rfd1 Nc5 18. Bxc5 dxc5 19. Nc3 Be7 20. Na4 Qa7 21. Qg3 f6
22. f4 Qc7 23. f5 Bf7 24. Rd3 Rfd8 25. Re3 Rd2 26. Qe1 Rad8 27. Nc3 R2d4 28. Rh3
Qd6 29. Qh4 h6 30. Qe1 Rd7 31. Bc2 Bd8 32. Rg3 a4 33. Nxa4 Rd2 34. Rf3 Ba5 35.
Qf1 Qd4+ 36. Kh1 Bb4 37. Bb1 Bh5 38. g4 Bxg4 39. Rg3 Rf2 40. Rxg4 Rxf1+ 41. Rxf1
Qe3 42. Rg3 Qe2 43. Rfg1 g5 44. fxg6 Rd1 45. Rxd1 Qxd1+ 46. Rg1 Qf3+ 47. Rg2 Be1
48. Bc2 Bf2 49. Nc3 Qe3 0-1

[Event "42nd Olympiad 2016"]
[Site "Baku AZE"]
[Date "2016.09.09"]
[Round "7.66"]
[Board "3"]
[White "Gonza, Simon"]
[Black "Soares, Erikson Roberto Mauricio"]
[Result "0-1"]
[BlackTitle "IM"]
[WhiteElo "2096"]
[BlackElo "2274"]
[WhiteTeam "Uganda"]
[BlackTeam "Angola"]
[WhiteFideId "10000550"]
[BlackFideId "10100091"]
[EventDate "2016.09.02"]

1. e4 e6 2. d4 d5 3. exd5 exd5 4. Nf3 Bd6 5. Bd3 Ne7 6. O-O O-O 7. Re1 h6 8.
Nbd2 c6 9. Nf1 f5 10. c3 Nd7 11. Be3 a5 12. Qc1 Qc7 13. Re2 f4 14. Bd2 Nf6 15.
Ne5 g5 16. Qc2 Kg7 17. f3 c5 18. Qd1 b5 19. Be1 b4 20. Rc1 c4 21. Bb1 Bf5 22.
Bxf5 Nxf5 23. Qc2 Nd7 24. Nxd7 Qxd7 25. Bf2 Rae8 26. Rce1 Kf6 27. g4 fxg3 28.
hxg3 Rxe2 29. Qxe2 Rf7 30. Qe8 Qxe8 31. Rxe8 bxc3 32. bxc3 Rb7 33. Ra8 Bc7 34.
g4 Nh4 35. Ra6+ Kg7 36. Bxh4 gxh4 37. Ne3 h3 38. Nf5+ Kf7 39. Rxh6 Rb1+ 40. Kf2
h2 41. Kg2 Rg1+ 0-1